| 000 | 01147 a2200349 4500 | ||
|---|---|---|---|
| 001 | 0000 | ||
| 003 | 0000 | ||
| 005 | 20251106133832.0 | ||
| 006 | m |o d | | ||
| 007 | cr ||||||||||| | ||
| 008 | 131203s2013 nyu ob 001 0 eng | ||
| 020 | _a9781032329079 | ||
| 035 | _a21590753 | ||
| 040 |
_aDLC _beng _erda _cDLC _dDLC |
||
| 042 | _apcc | ||
| 050 | 0 | 0 | _aTK 7872 .P73 |
| 082 | 0 | 0 |
_a621.3815 _223 |
| 100 | _aPraharaj, Swetapadma | ||
| 245 | 0 | 0 |
_aPiezoelectric Technology / _cby Swetapadma Praharaj and Dibyaranjan Rout _bMaterials and Applications for Green Energy Harvesting |
| 264 | 1 |
_aBoca Raton _bCRC Press _c2024 |
|
| 300 | _aix, 200p. ill. | ||
| 336 |
_atext _btxt _2rdacontent |
||
| 337 |
_acomputer _bc _2rdamedia |
||
| 338 |
_aonline resource _bcr _2rdacarrier |
||
| 504 | _aIncludes bibliographical references and index. | ||
| 588 | _aDescription based on print version record cip data provided by publisher | ||
| 650 | 0 |
_aPiezoelectric devices _xMaterials. |
|
| 650 | 0 | _aNanocomposites (Materials) | |
| 906 |
_a7 _bcbc _corigcop _d1 _eecip _f20 _gy-gencatlg |
||
| 942 |
_2lcc _cBK |
||
| 999 |
_c43976 _d43976 |
||